DEYİMLER VE HİKAYELERİ (Record no. 747723)

MARC details
000 -LEADER
sabit uzunluktaki kontrol alanı 00259nam a2200097Ia 4500
001 - KONTROL NUMARASI
kontrol alanı 747723
005 - EN SON İŞLEMİN TARİH VE ZAMANI
kontrol alanı 20250826164401.0
008 - SABİT-UZUNLUKTA VERİ ÖĞELERİ--GENEL BİLGİ
sabit uzunluktaki kontrol alanı 250824s9999 xx 000 0 und d
245 #0 - ESER / YAZAR
ESER ADI DEYİMLER VE HİKAYELERİ
Yazar Adı SELCEN YÜKSEL ARVAS
260 ## - YAYIN, DAĞITIM, VB.
YAYIN EVİ CARPEDİEM YAYINLARI
Holdings
Düşüm durumu Kayıp durumu Hasar Durumu Ödünç verilmez Ana kütüphane Geçerli Kütüphane Edinilen tarih Toplam ödünç verme sayısı Barkod Son görüntüleme tarihi Fiyatın geçerli olmaya başladığı tarih Koha materyal türü
        ŞEHİT ALİ DIĞRAK KÜTÜPHANESİ ŞEHİT ALİ DIĞRAK KÜTÜPHANESİ 24.08.2025   10243965 26.08.2025 26.08.2025 Books